Olfactory cognition (Record no. 246034)
[ view plain ]
| 000 -LEADER | |
|---|---|
| fixed length control field | 01755nam a2200397 a 4500 |
| 082 04 - DEWEY DECIMAL CLASSIFICATION NUMBER | |
| Classification number | 612.8/6 |
| 245 00 - TITLE STATEMENT | |
| Title | Olfactory cognition |
| 260 ## - PUBLICATION, DISTRIBUTION, ETC. (IMPRINT) | |
| Place of publication | Amsterdam ; |
| -- | Philadelphia : |
| Name of publisher | John Benjamins Pub. Co., |
| Year of publication | 2012. |
| 300 ## - PHYSICAL DESCRIPTION | |
| Number of Pages | xvii, 317 p. |
| 490 1# - SERIES STATEMENT | |
| Series statement | Advances in consciousness research, |
| 505 0# - FORMATTED CONTENTS NOTE | |
| Formatted contents note | pt. 1. Perception, psychophysics and odour environment -- pt. 2. Learning and memory -- pt. 3. Neuropsychology and olfactory dysfunctions -- pt. 4. Odor hedonic perception and development. |
| 650 #0 - SUBJECT ADDED ENTRY--TOPICAL TERM | |
| Topical Term | Olfactometry. |
| Topical Term | Olfactory receptors. |
| Topical Term | Smell. |
| Topical Term | Neurobiology. |
| 700 1# - ADDED ENTRY--PERSONAL NAME | |
| Personal name | Zucco, Gesualdo. |
| Personal name | Herz, Rachel, |
| Personal name | Schaal, Benoist. |
| 856 40 - ELECTRONIC LOCATION AND ACCESS | |
| Uniform Resource Identifier | http://site.ebrary.com/lib/rucke/Doc?id=10540412 |
No items available.
